Music Quiz

Random Music or Billboard Quiz

Shooting Gallery: Top 40 Hits (80s Ladies) Quiz Stats

 Plays Quiz not verified by Sporcle

Challenge
Share
Tweet
Embed
Score 0/55 Timer 15:00
0 Plays Today
% Correct
Like a Prayer
96.4%
La Isla Bonita
93.3%
Girls Just Want to Have Fun
92.3%
Borderline
91.8%
Crazy for You
90.5%
How Will I Know
90.2%
Time After Time
90%
The Greatest Love of All
89.7%
True Colors
89.3%
Love is a Battlefield
88.1%
Saving All My Love for You
87.7%
Who's That Girl
85.2%
Didn't We Almost Have It All
85.2%
Nasty
82.7%
Mickey
82.7%
Cherish
82.6%
Live to Tell
81.5%
What Have You Done for Me Lately
78.9%
She Bop
78.6%
So Emotional
77.8%
Control
76.6%
Where Do Broken Hearts Go
76.5%
We Belong
73.7%
Morning Train (9 to 5)
73.7%
One Moment in Time
72.5%
Dress You Up
70.9%
Miss You Much
69.8%
All Through the Night
69.5%
% Correct
You Give Good Love
68.7%
When I Think of You
66.6%
Magic
66.6%
Foolish Beat
62.9%
Shadows of the Night
61.7%
I Saw Him Standing There
59.6%
I Drove All Night
58%
Pleasure Principle
57.9%
Shake Your Love
55.2%
Sugar Walls
54.4%
Causing a Commotion
53.9%
Let's Wait Awhile
52.7%
Heart Attack
50.4%
Angel
49.5%
Sex as a Weapon
48.2%
Change of Heart
46.4%
Twist of Fate
45.4%
Invincible
44%
Love Will the Save the Day
41.8%
All Fired Up
41.8%
Make a Move on Me
41.5%
The Lover in Me
35.9%
Modern Girl
33.9%
What's Going On
28.9%
Soul Kiss
21.1%
Radio Romance
21.1%
No More Rhyme
20.6%

You're not logged in!

Compare scores with friends on all Sporcle quizzes.
Join for Free
OR
Log In

You Might Also Like...

Show Comments

Extras

Top Quizzes Today


Score Distribution

Your Account Isn't Verified!

In order to create a playlist on Sporcle, you need to verify the email address you used during registration. Go to your Sporcle Settings to finish the process.

Report this User

Report this user for behavior that violates our Community Guidelines.

Details: